The Ordnance Survey national atlas of Great Britain.

Bibliographic Details
Corporate Authors: Great Britain. Ordnance Survey, Country Life Books (Firm)
Format: Book
Language:English
Published: Southampton [Hampshire] : Twickenham, Middlesex : Ordnance Survey ; Country Life Books, 1986.
Subjects:

MARC

Tag First Indicator Second Indicator Subfields
LEADER 00000cam a2200000 a 4500
001 in00000028105
005 20151007055959.0
008 870107s1986 enkab f00110 eng d
020 |a 0600333167 
020 |a 0319000710 (Ordnance Survey) 
035 |a (OCoLC)15040255 
035 |9 AAB9794AM 
040 |a EUN  |c EUN  |d HLS  |d FDA  |d m/c  |d TXA  |d UtOrBLW 
049 |a TXAM [Also in] [Maproom]  |c 1 [A11677095]  |a TXAC  |c 2 [A11075421] 
050 4 |a G1812.2  |b .G69 1986 
110 1 |a Great Britain.  |b Ordnance Survey. 
245 1 4 |a The Ordnance Survey national atlas of Great Britain. 
255 |a Scale 1:250,000. 
264 1 |a Southampton [Hampshire] :  |b Ordnance Survey ;  |a Twickenham, Middlesex :  |b Country Life Books,  |c 1986. 
300 |a 1 atlas (256 pages) :  |b color illustrations, color maps ;  |c 34 cm. 
336 |a text  |b txt  |2 rdacontent 
337 |a unmediated  |b n  |2 rdamedia 
338 |a volume  |b nc  |2 rdacarrier 
500 |a Maps on lining papers. 
500 |a Includes index. 
651 0 |a Great Britain  |v Maps. 
710 2 |a Country Life Books (Firm) 
740 0 |a National atlas of Great Britain. 
999 |a MARS 
999 f f |s e3961b17-096e-30b7-8550-648d1292f507  |i 68984761-3264-3702-9c7c-88c5b89e88a3  |t 0 
952 f f |p normal  |a Texas A&M University  |b College Station  |c Sterling C. Evans Library  |d Evans: Maps (2nd floor)  |t 0  |e G1812.2 .G69 1986  |f Oversize  |h Library of Congress classification  |i unmediated -- volume  |m A14833901397 
952 f f |p ric  |a Texas A&M University  |b Rellis Campus  |c Joint Library Facility  |d Remote Storage  |t 0  |e G1812.2 .G69 1986  |h Library of Congress classification  |i unmediated -- volume  |m A14811677095 
998 f f |a G1812.2 .G69 1986  |t 0  |l Remote Storage 
998 f f |a G1812.2 .G69 1986  |t 0  |l Evans: Maps (2nd floor)